header

Speeches 50-59 (Record no. 248893)

MARC details
000 -LEADER
fixed length control field 01505nam a2200385 a 4500
082 04 - DEWEY DECIMAL CLASSIFICATION NUMBER
Classification number 885/.01
100 0# - MAIN ENTRY--AUTHOR NAME
Personal name Demosthenes.
245 10 - TITLE STATEMENT
Title Speeches 50-59
250 ## - EDITION STATEMENT
Edition statement 1st ed.
260 ## - PUBLICATION, DISTRIBUTION, ETC. (IMPRINT)
Place of publication Austin :
Name of publisher University of Texas Press,
Year of publication 2003.
300 ## - PHYSICAL DESCRIPTION
Number of Pages xxxi, 205 p.
490 1# - SERIES STATEMENT
Series statement Oratory of classical Greece ;
650 #0 - SUBJECT ADDED ENTRY--TOPICAL TERM
Topical Term Speeches, addresses, etc., Greek
700 1# - ADDED ENTRY--PERSONAL NAME
Personal name Bers, Victor.
856 40 - ELECTRONIC LOCATION AND ACCESS
Uniform Resource Identifier http://site.ebrary.com/lib/rucke/Doc?id=10172724

No items available.

© 2026 Rongo University
Contact us: librarian | system librarian | Rongo university